00228nam a2200097Ia 4500008004100000041001200041100001900053245004600072260000600118650000600124221030s9999 xx 000 0 und d aEnglish aY. P. Kanetkar 0aUnix Shell Programmingcby Y. P. Kanetkar c0 aB